Eintracht Frankfurt Squad 2019-2020 - Statistics

General Stats
  • This quiz has been taken 6 times
  • The average score is 24 of 33
Answer Stats
# Position Nation Player % Correct
18 DF Mali Almamy Touré
100%
33 FW Portugal André Silva
100%
15 MF Japan Daichi Kamada
100%
19 DF Argentina David Abraham
100%
8 MF Switzerland Djibril Sow
100%
2 DF Ivory Coast Evan N'Dicka
100%
32 GK Denmark Frederik Rønnow
100%
1 GK Germany Kevin Trapp
100%
20 MF Japan Makoto Hasebe
100%
11 MF Serbia Mijat Gaćinović
100%
22 DF United States Timothy Chandler
100%
- Coach Austria Adi Hütter
83%
9 FW Netherlands Bas Dost
83%
24 DF Germany Danny da Costa
83%
10 MF Serbia Filip Kostić
83%
39 FW Portugal Gonçalo Paciência
83%
6 MF Netherlands Jonathan de Guzmán
83%
16 MF Spain Lucas Torró
83%
13 DF Austria Martin Hinteregger
83%
3 DF Guinea Simon Falette
83%
28 MF Germany Dominik Kohr
67%
17 MF Germany Sebastian Rode
67%
3 MF Austria Stefan Ilsanker
67%
25 DF Germany Erik Durm
50%
29 GK Germany Felix Wiedwald
50%
5 MF Switzerland Gelson Fernandes
50%
23 DF Germany Marco Russ
50%
7 FW Serbia Dejan Joveljić
33%
37 GK Germany Jan Zimmermann
33%
26 MF Germany Nils Stendera
33%
30 MF Turkey Şahverdi Çetin
33%
42 MF Bosnia and Herzegovina Marijan Ćavar
0%
38 MF Germany Patrick Finger
0%
No matching quizzes found
Score Distribution
Percent of People with Each Score
Percentile by Number Answered
Your Score History
You have not taken this quiz